Responses for Show #4474 - Thursday, February 5, 2004

Contestants

[<< previous game]

John Maloy, a legal assistant from New York, New York

Cynthia Dvorak, a facilities manager from Chicago, Illinois

David Johnston, a radiological technician from Harahan, Louisiana (whose 1-day cash winnings total $23,400)

[next game >>]

Jeopardy! Round responses

BIBLICAL QUOTATIONS
TO EVERY THING THERE IS A SEASON
(Alex: That sounds Biblical!)
A TIME TO BE BORN
A TIME TO DIE
A TIME TO BREAK DOWN
(Alex: You're going to be dealing with anagrams, so you'll have to break down some of the words in the clue to come up with the correct response.)
A TIME TO BUILD UP
    $200 6
pride

David
    $200 16
spring chicken

Cynthia
    $200 11
stretch marks

Cynthia
    $200 1
Mary, Queen of Scots

David
    $200 26
finish line

David
    $200 21
the scaffold

David
    $400 7
against me

David
    $400 17
"The Boys of Summer"

David
    $400 12
the placenta

John
    $400 2
1918

David
    $400 27
Meg Ryan

Triple Stumper
    $400 22
(David: What is a supporting wall?)

a load-bearing wall

DavidCynthia
    $600 8
Sodom & Gomorrah

John
    $600 18
(David: What is a "Winter's Tale?")

"Now is the winter of our discontent"

DavidJohn
    $600 13
ultrasound

David
    $600 3
(John: Who is Princess Diana?)
(Alex: John realizes that we're talking about '82, not anywhere near '92 or 2002.)

Princess Grace

CynthiaJohn
    $600 28
sea god

John
    $600 23
(Alex: Less than a minute to go.)

the slab floor

Triple Stumper
    $1,000 9
(John: What is prostitution?)

adultery

John
    $800 19
Autumn in New York

Triple Stumper
    $800 14
amniocentesis

David
    $800 4
jousting tournament

John
    $800 29
[The end-of-round signal sounds.]

remote control

David
    $800 24
pilings

David
    $1000 10
Ecclesiastes

Cynthia
    $1000 20
the Winter Palace

Cynthia
    $1000 15
Braxton Hicks

Cynthia
    $1000 5
(Cynthia: Who is Liliuolukalani?)
(Alex: You added an extra syllable.)

Liliuokalani

Cynthia
Triple Stumper
    $1000 25
the elevator column

John

Scores at the first commercial break (after clue 15):

David Cynthia John
$2,600 $1,800 $200

Scores at the end of the Jeopardy! Round:

David Cynthia John
$4,000 $3,400 $2,400

Double Jeopardy! Round responses

ART
SPORTS STARS
LAWN ORDER
OUR FEATHERED FRIENDS
ISLAND HOPPING
LIVING IN "SIN"
    $400 7
caricatures

David
    $400 1
Karl Malone

John
    $400 3
the dandelion

John
    $400 10
great horned owl

John
    $400 20
Hinduism

John
    $400 13
Sinbad

David
    $800 8
the "Mona Lisa"

John
    $800 2
Mia Hamm

Cynthia
    $800 18
Scott's

David
    $800 27
the Raven

John
    $800 21
(David: What are the Timors?)
(John: What is Madagascar?)

Sao Tome and Principe

DavidJohn
Triple Stumper
    $800 14
sinister

John
    $1200 9
oils

Cynthia
    $1200 4
Arthur Ashe

John
    $1200 19
sheep

Cynthia
    $1200 28
the Saguaro

John
    $1200 22
Easter Island

David
    $1200 15
sinew

John
    $1600 11
Salome

David
    $1600 5
(Fernando) Valenzuela

David
    $1600 25
(David: What is Gibraltar?)

Bermuda

David
Triple Stumper
    $3,000 29
[The end-of-round signal sounds.]

the ibis

John
    $2,200 23
(David: What is Martinique?)
(Alex: Spelled differently for each side.)

St. Martin/St. Maarten

David
    $1600 16
(John: What are the Singhalese?)
(David: What are the Singhali?)
(Cynthia: What are the Sinighalese?)
(Alex: [before clue #23] We have some good news for all three of you as a matter of fact; John, your response of "Singhalese" is acceptable & so we'll give you back the money we took away plus $1600 for a correct response; & Cynthia & David, you responded after that, so we're wiping out your responses & giving you each back what we took away, which was $1600.)

the Sinhalese

John
    $2000 12
a snowstorm

Triple Stumper
    $2000 6
Annika Sorenstam

Triple Stumper
    $2000 26
sulphur

David
    $2000 24
(Alex: With less than a minute to go.)

bauxite

Triple Stumper
    $2000 17
Sinaloa

Triple Stumper

Scores at the end of the Double Jeopardy! Round:

David Cynthia John
$7,400 $6,600 $13,800

[wagering suggestions for these scores]

Final Jeopardy! Round responses

RIPPED FROM THE HEADLINES
(Alex: Remember that big [*]; [*] caused by trees falling over the high-tension power lines; if they had been better tree trimming, it probably wouldn't have occurred.)
CynthiaWhat [is] are Wild Fires
$6,600
DavidWhat is Forest Fires
$7,000
JohnWhat is
$1,200
the power blackout

Final scores:

David Cynthia John
$400 $0 $12,600
2nd place: $2,000 3rd place: $1,000 New champion: $12,600

Game dynamics:

Coryat scores:

David Cynthia John
$9,600 $6,600 $13,400
18 R,
5 W
(including 1 DD)
10 R,
1 W
18 R
(including 1 DD),
3 W
(including 1 DD)

Combined Coryat: $29,600

[game clues] [game scores] [suggest correction]

Game tape date: 2003-11-21
The J! Archive is created by fans, for fans. Scraping, republication, monetization, and malicious use prohibited; this site may use cookies and collect identifying information. See terms. The Jeopardy! game show and all elements thereof, including but not limited to copyright and trademark thereto, are the property of Jeopardy Productions, Inc. and are protected under law. This website is not affiliated with, sponsored by, or operated by Jeopardy Productions, Inc. Join the discussion at JBoard.tv.